000
00248nam a2200109Ia 4500
008
170620s9999 xx 000 0 und d
100
_a
DESAI BIPIN C
245
0
_a
INTRO TO DATABASE SYSTEM
260
_b
N DELHI GALGOTIA
260
_c
2007
300
_a
934
546
_a
ENGLISH
999
_c
29824
_d
29824